Statistiques concernant La réponse est un instrument de musique

Cliquez ici pour prendre le quiz!

Statistiques générales

  • Ce quiz a été pris 127 fois
  • Le résultat moyen est 9 sur 25

Statistiques - réponses

IndiceRéponse% Correct
Figure géométrique à trois côtésTriangle
99%
Pas hauteBasse
95%
Verre à champagneFlûte
80%
Tube coudé permettant de respirer sous l'eauTuba
74%
Prolongement nasal présent chez les éléphants notammentTrompe
73%
Cylindre rotatif utilisé dans les machines à laverTambour
64%
Callosité douloureuse affectant le piedCor
57%
Voix féminine la plus graveAlto
53%
Petit objet utilisé pour maintenir une liasse de feuillesTrombone
50%
Dispositif électrique permettant de stocker l'énergie sous forme chimique pour la restituer sous forme électriqueBatterie
45%
Jouet pour enfant faisant du bruit quand on l'agiteHochet
39%
Gobelet en métalTimbale
33%
Largue des bombes sur une villeBombarde
25%
Élephant gigantesque présent dans l'univers de TolkienOliphant
20%
Enfreint, transgresse une loi, un accordViole
18%
Désigne familièrement une vieille voiture en mauvais étatGuimbarde
16%
MensongePipeau
14%
Formation rocheuse composée de prismes, résultant du refroidissement d'une coulée volcaniqueOrgues
13%
Désigne familièrement un ivrogne, un alcooliquePiccolo
12%
Objet creux servant à recouvrir ou protéger quelque choseCloche
11%
Danse rapide créee aux Etats-Unis dans les années 1920Charleston
8%
Petite sacoche portée en bandoulière, utilisée notamment par des soldatsMusette
4%
Organe du chant chez les oiseauxSyrinx
3%
Surnom du prunellier, à cause de ses piquantsÉpinette
2%
Coquillage prédateur à la coquille conique et spiraléeBuccin
0%

Distribution des résultats

Percentile par nombre de réponses

% des personnes avec chaque résultat

Votre développement - résultats

Vous n’avez pas pris ce quiz